<?xml version="1.0" encoding="UTF-8"?>
<record
    xmlns:xsi="http://www.w3.org/2001/XMLSchema-instance"
    xsi:schemaLocation="http://www.loc.gov/MARC21/slim http://www.loc.gov/standards/marcxml/schema/MARC21slim.xsd"
    xmlns="http://www.loc.gov/MARC21/slim">

  <leader>01658nam a2200277 a 4500</leader>
  <controlfield tag="001">000048767</controlfield>
  <controlfield tag="003">OSt</controlfield>
  <controlfield tag="005">20210405150544.0</controlfield>
  <controlfield tag="008">190411s2018    dr ac         000 p spa d</controlfield>
  <datafield tag="020" ind1=" " ind2=" ">
    <subfield code="a">9789945091724</subfield>
  </datafield>
  <datafield tag="040" ind1=" " ind2=" ">
    <subfield code="a">DO-SdBNP</subfield>
    <subfield code="b">spa</subfield>
    <subfield code="c">BNPHU</subfield>
  </datafield>
  <datafield tag="082" ind1=" " ind2=" ">
    <subfield code="a">RD861.44</subfield>
    <subfield code="b">V855v, 2018</subfield>
  </datafield>
  <datafield tag="245" ind1="0" ind2="0">
    <subfield code="a">Viva es la voz de la verdad :</subfield>
    <subfield code="b">antolog&#xED;a po&#xE9;tica /</subfield>
    <subfield code="c">edici&#xF3;n, introducci&#xF3;n y notas de Rei Berroa ; [XXVI Marat&#xF3;n de Poes&#xED;a del Teatro de la Luna].</subfield>
  </datafield>
  <datafield tag="260" ind1=" " ind2=" ">
    <subfield code="a">Santo Domingo :</subfield>
    <subfield code="b">[Teatro de la luna],</subfield>
    <subfield code="c">2018.</subfield>
  </datafield>
  <datafield tag="300" ind1=" " ind2=" ">
    <subfield code="a">381 p. :</subfield>
    <subfield code="b">il., retrs. ;</subfield>
    <subfield code="c">22 cm.</subfield>
  </datafield>
  <datafield tag="490" ind1="1" ind2=" ">
    <subfield code="a">Libros de la luna</subfield>
    <subfield code="v">13</subfield>
  </datafield>
  <datafield tag="500" ind1=" " ind2=" ">
    <subfield code="a">Incluye referencias bibliogr&#xE1;ficas y notas al pie de las p&#xE1;ginas</subfield>
  </datafield>
  <datafield tag="505" ind1="0" ind2=" ">
    <subfield code="a">Reconocimientos --</subfield>
    <subfield code="t">Presentaci&#xF3;n --</subfield>
    <subfield code="r">A&#xED;da Cartagena Portalat&#xED;n: Mucha mujer en un sollo nombre --</subfield>
    <subfield code="t">Selecci&#xF3;n po&#xE9;tica --</subfield>
    <subfield code="t">Una mujer est&#xE1; sola --</subfield>
    <subfield code="t">C&#xF3;mo llorar la muerte de una rosa --</subfield>
    <subfield code="t">Estaci&#xF3;n en la tierra --</subfield>
    <subfield code="t">Bibliograf&#xED;a b&#xE1;sica --</subfield>
    <subfield code="r">Leopoldo de Luis: El hond&#xF3;n del testimonio solidario --</subfield>
    <subfield code="t">Seleccion de poemas --</subfield>
    <subfield code="t">Mee siento extra&#xF1;o --</subfield>
    <subfield code="t">La ropa en la ventana --</subfield>
    <subfield code="t">Los nombres de las cosas</subfield>
    <subfield code="t">La palabra --</subfield>
    <subfield code="t">Huelen las rosas</subfield>
    <subfield code="t">Plinio Chah&#xED;n (Rep&#xFA;blica Dominicana, 1958)</subfield>
    <subfield code="r">Jorge Gal&#xE1;n (El Salvador, 1973)</subfield>
    <subfield code="r">Manuel Iris (M&#xE9;xico, 1983)</subfield>
    <subfield code="r">Pedro Larrea (Espa&#xF1;a, 1981)</subfield>
    <subfield code="r">Milagros Ter&#xE1;n (Nicaragua)</subfield>
    <subfield code="r">Carlos Vel&#xE1;squez Torres (Bogot&#xE1;, Colombia)</subfield>
    <subfield code="r">Tony Espaillat (Santiago, (Rep&#xFA;blica Dominicana)</subfield>
  </datafield>
  <datafield tag="590" ind1=" " ind2=" ">
    <subfield code="a">Inventariado, 2019 /LP</subfield>
  </datafield>
  <datafield tag="650" ind1="4" ind2=" ">
    <subfield code="a">Poes&#xED;a dominicana</subfield>
    <subfield code="9">78308</subfield>
  </datafield>
  <datafield tag="650" ind1="4" ind2=" ">
    <subfield code="a">Literatura dominicana</subfield>
    <subfield code="9">78309</subfield>
  </datafield>
  <datafield tag="700" ind1="1" ind2=" ">
    <subfield code="a">Berroa, Rei,</subfield>
    <subfield code="d">1949-</subfield>
    <subfield code="e">editor</subfield>
    <subfield code="9">160</subfield>
  </datafield>
  <datafield tag="830" ind1=" " ind2="0">
    <subfield code="a">Libros de la luna</subfield>
    <subfield code="v">13</subfield>
    <subfield code="9">10156</subfield>
  </datafield>
  <datafield tag="910" ind1=" " ind2=" ">
    <subfield code="a">D/G</subfield>
  </datafield>
  <datafield tag="942" ind1=" " ind2=" ">
    <subfield code="2">ddc</subfield>
    <subfield code="c">LBS1</subfield>
  </datafield>
  <datafield tag="952" ind1=" " ind2=" ">
    <subfield code="0">0</subfield>
    <subfield code="1">0</subfield>
    <subfield code="2">ddc</subfield>
    <subfield code="5">6</subfield>
    <subfield code="7">0</subfield>
    <subfield code="8">DS</subfield>
    <subfield code="a">BNPHU</subfield>
    <subfield code="b">BNPHU</subfield>
    <subfield code="c">HD</subfield>
    <subfield code="d">2019-04-11</subfield>
    <subfield code="l">0</subfield>
    <subfield code="o">BNPHU DS RD861.44 V855v 2018</subfield>
    <subfield code="p">48767-30</subfield>
    <subfield code="r">2020-06-25</subfield>
    <subfield code="t">e. 3</subfield>
    <subfield code="w">2020-06-25</subfield>
    <subfield code="y">LFDS</subfield>
  </datafield>
  <datafield tag="952" ind1=" " ind2=" ">
    <subfield code="0">0</subfield>
    <subfield code="1">0</subfield>
    <subfield code="2">ddc</subfield>
    <subfield code="5">1</subfield>
    <subfield code="7">1</subfield>
    <subfield code="8">PD</subfield>
    <subfield code="a">BNPHU</subfield>
    <subfield code="b">PD</subfield>
    <subfield code="c">HD</subfield>
    <subfield code="d">2019-04-11</subfield>
    <subfield code="l">0</subfield>
    <subfield code="o">BNPHU PD RD861.44 V855v 2018</subfield>
    <subfield code="p">48767-10</subfield>
    <subfield code="r">2020-06-25</subfield>
    <subfield code="w">2020-06-25</subfield>
    <subfield code="y">LFPD</subfield>
  </datafield>
  <datafield tag="952" ind1=" " ind2=" ">
    <subfield code="0">0</subfield>
    <subfield code="1">0</subfield>
    <subfield code="2">ddc</subfield>
    <subfield code="5">1</subfield>
    <subfield code="7">2</subfield>
    <subfield code="8">PD</subfield>
    <subfield code="a">BNPHU</subfield>
    <subfield code="b">PD</subfield>
    <subfield code="c">HD</subfield>
    <subfield code="d">2019-04-11</subfield>
    <subfield code="l">0</subfield>
    <subfield code="o">BNPHU PD RD861. 44 V855v 2018</subfield>
    <subfield code="p">48767-20</subfield>
    <subfield code="r">2020-06-25</subfield>
    <subfield code="t">e. 2</subfield>
    <subfield code="w">2020-06-25</subfield>
    <subfield code="y">LFPD</subfield>
  </datafield>
  <datafield tag="999" ind1=" " ind2=" ">
    <subfield code="c">48255</subfield>
    <subfield code="d">48255</subfield>
  </datafield>
</record>
